[Event "Stay Safe Play From Home 296"]
[Site "Emanuel Lasker Arena"]
[Date "2020.07.12"]
[Round "5"]
[White "Buzaglo"]
[Black "Klausen"]
[Result "1-0"]
[WhiteElo "1845"]
[BlackElo "1798"]
[Annotator "NA"]
[PlyCount "73"]
[EventDate "2020.07.12"]
[EventType "swiss (blitz)"]

1. d4 {[%emt 0:00:01]} e6 {[%emt 0:00:01]} 2. Nf3 {[%emt 0:00:00]} Nf6 {[%emt 0:00:02]} 3. g3 {[%emt 0:00:00]} b6 {[%emt 0:00:01]} 4. Bg2 {[%emt 0:00:00]} Bb7 {[%emt 0:00:01]} 5. O-O {[%emt 0:00:00]} Be7 {[%emt 0:00:01]} 6. Ne5 {[%emt 0:00:01]} O-O {[%emt 0:00:02]} 7. Bxb7 {[%emt 0:00:02]} c6 {[%emt 0:00:01]} 8. Bxa8 {[%emt 0:00:01]} d6 {[%emt 0:00:01]} 9. Nxc6 {[%emt 0:00:02]} Qc7 {[%emt 0:00:02]} 10. Nxb8 {[%emt 0:00:01]} b5 {[%emt 0:00:02]} 11. Na6 {[%emt 0:00:06]} Qb6 {[%emt 0:00:02]} 12. Bg2 {[%emt 0:00:04]} Qxa6 {[%emt 0:00:02]} 13. Nc3 {[%emt 0:00:01]} d5 {[%emt 0:00:01]} 14. a3 {[%emt 0:00:01]} b4 {[%emt 0:00:01]} 15. Na2 {[%emt 0:00:04]} b3 {[%emt 0:00:01]} 16. cxb3 {[%emt 0:00:01]} Ne4 {[%emt 0:00:01]} 17. Bxe4 {[%emt 0:00:02]} dxe4 {[%emt 0:00:01]} 18. Qc2 {[%emt 0:00:00]} e3 {[%emt 0:00:02]} 19. Bxe3 {[%emt 0:00:02]} Rc8 {[%emt 0:00:01]} 20. Qd3 {[%emt 0:00:01]} Qb6 {[%emt 0:00:01]} 21. Nc3 {[%emt 0:00:02]} Bd6 {[%emt 0:00:02]} 22. d5 {[%emt 0:00:01]} e5 {[%emt 0:00:01]} 23. Bxb6 {[%emt 0:00:03]} axb6 {[%emt 0:00:02]} 24. Ne4 {[%emt 0:00:01]} Bxa3 {[%emt 0:00:02]} 25. bxa3 {[%emt 0:00:01]} f5 {[%emt 0:00:01]} 26. Nd6 {[%emt 0:00:01]} Rd8 {[%emt 0:00:01]} 27. Nb7 {[%emt 0:00:03]} Rd7 {[%emt 0:00:01]} 28. Qa6 {[%emt 0:00:02]} Rxb7 {[%emt 0:00:01]} 29. Qxb7 {[%emt 0:00:01]} h6 {[%emt 0:00:00]} 30. Qxb6 {[%emt 0:00:01]} Kh7 {[%emt 0:00:01]} 31. d6 {[%emt 0:00:02]} e4 {[%emt 0:00:01]} 32. d7 {[%emt 0:00:01]} e3 {[%emt 0:00:00]} 33. d8=Q {[%emt 0:00:01]} exf2+ {[%emt 0:00:01]} 34. Rxf2 {[%emt 0:00:01]} f4 {[%emt 0:00:00]} 35. Qd3+ {[%emt 0:00:02]} g6 {[%emt 0:00:01]} 36. Qbxg6+ {[%emt 0:00:01]} Kh8 {[%emt 0:00:02]} 37. Qd8# {[%emt 0:00:01] (Lag: Av=0.58s, max=1.9s)} 1-0

[Event "Stay Safe Play From Home 296"]
[Site "Emanuel Lasker Arena"]
[Date "2020.07.12"]
[Round "5"]
[White "Klasman"]
[Black "sadbat1122"]
[Result "0-1"]
[WhiteElo "1347"]
[BlackElo "1289"]
[Annotator "NA"]
[PlyCount "54"]
[EventDate "2020.07.12"]
[EventType "swiss (blitz)"]

1. f4 {[%emt 0:00:01]} d6 {[%emt 0:00:02]} 2. Nf3 {[%emt 0:00:01]} f5 {[%emt 0:00:02]} 3. c4 {[%emt 0:00:02]} Nf6 {[%emt 0:00:02]} 4. d3 {[%emt 0:00:01]} g6 {[%emt 0:00:02]} 5. Nc3 {[%emt 0:00:01]} Bg7 {[%emt 0:00:02]} 6. e4 {[%emt 0:00:01]} fxe4 {[%emt 0:00:02]} 7. dxe4 {[%emt 0:00:01]} O-O {[%emt 0:00:03]} 8. e5 {[%emt 0:00:03]} Ne8 {[%emt 0:00:02]} 9. Be3 {[%emt 0:00:04]} Nc6 {[%emt 0:00:04]} 10. Qd5+ {[%emt 0:00:05]} e6 {[%emt 0:00:02]} 11. Qd3 {[%emt 0:00:05]} dxe5 {[%emt 0:00:02]} 12. Qxd8 {[%emt 0:00:02]} Nxd8 {[%emt 0:00:01]} 13. fxe5 {[%emt 0:00:03]} Nc6 {[%emt 0:00:02]} 14. O-O-O {[%emt 0:00:04]} Nxe5 {[%emt 0:00:02]} 15. Rd8 {[%emt 0:00:04]} Nd6 {[%emt 0:00:02]} 16. Rxf8+ {[%emt 0:00:02]} Kxf8 {[%emt 0:00:02]} 17. Nxe5 {[%emt 0:00:01]} Bxe5 {[%emt 0:00:02]} 18. Bc5 {[%emt 0:00:02]} Kg7 {[%emt 0:00:05]} 19. Bxd6 {[%emt 0:00:02]} Bxd6 {[%emt 0:00:02]} 20. Bd3 {[%emt 0:00:02]} Bd7 {[%emt 0:00:02]} 21. Re1 {[%emt 0:00:01]} e5 {[%emt 0:00:02]} 22. Ne4 {[%emt 0:00:01]} Bc6 {[%emt 0:00:02]} 23. Nxd6 {[%emt 0:00:02]} cxd6 {[%emt 0:00:01]} 24. g3 {[%emt 0:00:01]} Re8 {[%emt 0:00:02]} 25. b4 {[%emt 0:00:01]} a6 {[%emt 0:00:02]} 26. Kc2 {[%emt 0:00:02]} e4 {[%emt 0:00:01]} 27. Be2 {[%emt 0:00:03]} d5 {[%emt 0:00:01] Time (Lag: Av=1.36s, max=11.6s)} 0-1

[Event "Stay Safe Play From Home 296"]
[Site "Emanuel Lasker Arena"]
[Date "2020.07.12"]
[Round "5"]
[White "W Nelles"]
[Black "Trotsky"]
[Result "0-1"]
[WhiteElo "1096"]
[BlackElo "1578"]
[Annotator "NA"]
[PlyCount "44"]
[EventDate "2020.07.12"]
[EventType "swiss (blitz)"]

1. e4 {[%emt 0:00:01]} c5 {[%emt 0:00:01]} 2. Nf3 {[%emt 0:00:01]} e6 {[%emt 0:00:00]} 3. Bc4 {[%emt 0:00:01]} d5 {[%emt 0:00:01]} 4. exd5 {[%emt 0:00:02]} exd5 {[%emt 0:00:01]} 5. Be2 {[%emt 0:00:02]} Nc6 {[%emt 0:00:01]} 6. c3 {[%emt 0:00:01]} Be6 {[%emt 0:00:01]} 7. O-O {[%emt 0:00:01]} Bd6 {[%emt 0:00:01]} 8. d4 {[%emt 0:00:01]} Qc7 {[%emt 0:00:01]} 9. dxc5 {[%emt 0:00:01]} Bxc5 {[%emt 0:00:01]} 10. Be3 {[%emt 0:00:02]} Bd6 {[%emt 0:00:01]} 11. Nd4 {[%emt 0:00:03]} a6 {[%emt 0:00:01]} 12. Nxc6 {[%emt 0:00:01]} bxc6 {[%emt 0:00:01]} 13. Nd2 {[%emt 0:00:01]} h5 {[%emt 0:00:01]} 14. Nf3 {[%emt 0:00:01]} Nf6 {[%emt 0:00:01]} 15. Kh1 {[%emt 0:00:02]} Ng4 {[%emt 0:00:01]} 16. Nd4 {[%emt 0:00:03]} Bxh2 {[%emt 0:00:01]} 17. f3 {[%emt 0:00:02]} Bg1 {[%emt 0:00:01]} 18. Bxg1 {[%emt 0:00:02]} h4 {[%emt 0:00:03]} 19. fxg4 {[%emt 0:00:01]} h3 {[%emt 0:00:02]} 20. Bh2 {[%emt 0:00:04]} hxg2+ {[%emt 0:00:02]} 21. Kxg2 {[%emt 0:00:01]} Qxh2+ {[%emt 0:00:01]} 22. Kf3 {[%emt 0:00:02]} Rh3# {[%emt 0:00:03] (Lag: Av=0.45s, max=0.8s)} 0-1

[Event "Stay Safe Play From Home 296"]
[Site "Emanuel Lasker Arena"]
[Date "2020.07.12"]
[Round "6"]
[White "SoulofWolf"]
[Black "AChessPlayer"]
[Result "1-0"]
[WhiteElo "2189"]
[BlackElo "2464"]
[Annotator "TA"]
[PlyCount "113"]
[EventDate "2020.07.12"]
[EventType "swiss (blitz)"]

{[%evp 16,112,0,3,11,-8,0,-13,7,-8,5,5,8,0,9,0,11,14,26,26,26,21,41,-60,37,0,0,-33,0,-21,41,-70,-26,-52,-41,-48,37,-16,-23,-47,28,-11,0,-93,-23,-31,103,106,238,233,260,239,376,152,210,170,222,115,216,122,258,233,219,171,166,102,29985,29986,29986,29987,29987,29987,29988,29989,29992,29993,29994,29993,29995,29996,29996,29996,29997,29996,29999,29996,29997,0,29999,29997,29997,29997,29998,29998,29998,29998,29998,29999,29999]} 1. d4 d5 2. Nf3 Nf6 3. Bg5 Nbd7 4. Nbd2 g6 5. e3 Bg7 6. Bd3 O-O 7. O-O c5 8. c3 b6 9. a4 {seems to push 9.b4 aside. 9.b4 is not played anymore.} Bb7 {D03: 1 d4 d5 2 Nf3 Nf6 3 Bg5, including Torre Attack with early ...d5.} 10. Re1 a6 {[#]} 11. Qe2 $146 ({Predecessor:} 11. b4 Rc8 12. bxc5 bxc5 13. Rb1 Qc7 14. Qb3 Rb8 15. Bf4 e5 16. Nxe5 c4 17. Nexc4 dxc4 18. Bxc4 {1-0 (33) Rahman,M (2307)-Hossain,D (2157) Dhaka 2008}) 11... Qc7 {The position is equal.} 12. h3 Rfe8 13. Bf4 Qd8 14. Rac1 Ne4 15. b3 (15. b4 {feels hotter.} c4 16. Bxe4 dxe4 17. Ng5 Rc8 18. Ngxe4 e5 19. Bg5) 15... Nxd2 16. Qxd2 e5 17. dxe5 Nxe5 18. Nxe5 Bxe5 19. Bh6 {[#]} (19. Bxe5 $14 Rxe5 20. Red1) 19... Bg7 (19... c4 $1 $15 {[%mdl 512]} 20. Be2 (20. bxc4 dxc4) 20... cxb3) 20. Bf4 Qd7 21. Qe2 Qc6 {Strongly threatening ...c4!} 22. f3 Rad8 (22... Re7 $11) 23. Bb1 (23. Bxa6 $14 Bxa6 24. Qxa6) 23... Qe6 24. Qf2 h6 25. Bg3 g5 (25... Qd7 $15) 26. Ba2 (26. Qc2 $14) 26... f5 27. f4 Kh7 (27... Rd7 $15) 28. Kh2 Kh8 29. Re2 {[#]} (29. Bb1 $11 {remains equal.}) 29... Rf8 (29... d4 $1 $17 {[%cal Rd4e3]} 30. cxd4 cxd4) 30. c4 d4 (30... dxc4 $15 {stays ahead.} 31. bxc4 Rde8) 31. exd4 $16 Qf6 (31... Be4 $16) 32. d5 $18 ({Don't do} 32. dxc5 $6 bxc5 33. Qxc5 g4) 32... Bc8 33. Rce1 g4 (33... Qd6 {was called for.} 34. Qe3 h5) 34. h4 (34. Bh4 $18 {and White stays clearly on top.} Qg6 35. Bxd8 Rxd8 36. Bb1) 34... Qf7 (34... a5 $16 35. Qe3 Bd7) 35. Bb1 Rde8 (35... Bd4 $142 36. Qf1 Qg6) 36. Qf1 ({Better is} 36. Rxe8 $18 Rxe8 {[#]} 37. a5 $1 {[%mdl 512]}) 36... Bd7 (36... a5 $16 37. Bf2 Rxe2 38. Rxe2 (38. Qxe2 Kg8 $16) 38... Re8) 37. Bc2 (37. a5 $18) 37... Bd4 (37... a5 $16 {was worth a try.} 38. Bf2 Rxe2 39. Rxe2 Re8 40. Rxe8+ Bxe8) 38. Rxe8 Rxe8 39. Rxe8+ Qxe8 40. Qe1 ({White should try} 40. Bf2 $18) 40... Qe2 $2 {[%mdl 8192]} (40... Qe3 $16) 41. Qxe2 Bf6 42. d6 Kg7 43. Qd3 Kf7 44. Qd5+ Kf8 45. Bxf5 Be8 46. d7 Bxd7 47. Qxd7 Be7 {[#]} 48. Qe6 $1 Ke8 49. Bxg4 Kd8 50. Bh5 Kc7 51. Bg4 $2 (51. Qxe7+ {mates} Kc8 52. f5 a5 53. Qc7#) 51... Bd6 $2 {[%mdl 8192]} (51... Kd8 $11 52. Qd7#) 52. Qd7+ {White mates.} Kb8 53. Qxd6+ {[%mdl 64] Double Attack} Ka7 54. f5 {[%csl Gg3][%cal Rd6b8]} a5 55. Qc7+ Ka6 56. Bf3 {[%csl Gf3][%cal Rc7b7]} b5 57. Qb7# {Accuracy: White = 39%, Black = 33%.} 1-0

[Event "Stay Safe Play From Home 296"]
[Site "Emanuel Lasker Arena"]
[Date "2020.07.12"]
[Round "6"]
[White "Bardellosport"]
[Black "Physikus"]
[Result "0-1"]
[WhiteElo "2045"]
[BlackElo "2069"]
[PlyCount "132"]
[EventDate "2020.07.12"]
[EventType "swiss (blitz)"]

1. d4 {[%emt 0:00:01]} Nf6 {[%emt 0:00:02]} 2. e3 {[%emt 0:00:00]} g6 {[%emt 0:00:00]} 3. f4 {[%emt 0:00:00]} Bg7 {[%emt 0:00:00]} 4. Nf3 {[%emt 0:00:00]} O-O {[%emt 0:00:00]} 5. Bd3 {[%emt 0:00:00]} d6 {[%emt 0:00:00]} 6. Qe2 {[%emt 0:00:00]} c6 {[%emt 0:00:01]} 7. e4 {[%emt 0:00:01]} Re8 {[%emt 0:00:01]} 8. e5 {[%emt 0:00:00]} dxe5 {[%emt 0:00:01]} 9. fxe5 {[%emt 0:00:00]} Nd5 {[%emt 0:00:00]} 10. O-O {[%emt 0:00:01]} Bg4 {[%emt 0:00:01]} 11. c3 {[%emt 0:00:00]} Nd7 {[%emt 0:00:01]} 12. Nbd2 {[%emt 0:00:01]} Nf8 {[%emt 0:00:00]} 13. Ne4 {[%emt 0:00:01]} Ne6 {[%emt 0:00:01]} 14. h3 {[%emt 0:00:01]} Nef4 {[%emt 0:00:02]} 15. Bxf4 {[%emt 0:00:01]} Nxf4 {[%emt 0:00:01]} 16. Qf2 {[%emt 0:00:01]} Nxd3 {[%emt 0:00:02]} 17. Qg3 {[%emt 0:00:01]} Bf5 {[%emt 0:00:02]} 18. Neg5 {[%emt 0:00:02]} h6 {[%emt 0:00:01]} 19. h4 {[%emt 0:00:05]} hxg5 {[%emt 0:00:02]} 20. hxg5 {[%emt 0:00:00]} Nxb2 {[%emt 0:00:02]} 21. Rab1 {[%emt 0:00:01]} Nc4 {[%emt 0:00:01]} 22. Rxb7 {[%emt 0:00:01]} c5 {[%emt 0:00:03]} 23. Rfb1 {[%emt 0:00:01]} cxd4 {[%emt 0:00:01]} 24. Nxd4 {[%emt 0:00:02]} Bxe5 {[%emt 0:00:01]} 25. Qh4 {[%emt 0:00:03]} Bxd4+ {[%emt 0:00:01]} 26. cxd4 {[%emt 0:00:01]} Nd2 {[%emt 0:00:01]} 27. Re1 {[%emt 0:00:02]} Qd6 {[%emt 0:00:04]} 28. Qf2 {[%emt 0:00:02]} Ne4 {[%emt 0:00:02]} 29. Qe3 {[%emt 0:00:02]} Qd5 {[%emt 0:00:02]} 30. Rb2 {[%emt 0:00:02]} Rad8 {[%emt 0:00:01]} 31. Rbe2 {[%emt 0:00:02]} Nd6 {[%emt 0:00:02]} 32. Qf4 {[%emt 0:00:01]} Nb5 {[%emt 0:00:01]} 33. Rxe7 {[%emt 0:00:01]} Rxe7 {[%emt 0:00:00]} 34. Rxe7 {[%emt 0:00:00]} Qxd4+ {[%emt 0:00:00]} 35. Qxd4 {[%emt 0:00:01]} Nxd4 {[%emt 0:00:00]} 36. Rxa7 {[%emt 0:00:00]} Ne2+ {[%emt 0:00:02]} 37. Kf2 {[%emt 0:00:00]} Rd2 {[%emt 0:00:01]} 38. Ke3 {[%emt 0:00:01]} Rb2 {[%emt 0:00:01]} 39. a4 {[%emt 0:00:01]} Nc3 {[%emt 0:00:01]} 40. Kd4 {[%emt 0:00:01]} Nxa4 {[%emt 0:00:01]} 41. Rxa4 {[%emt 0:00:01]} Rxg2 {[%emt 0:00:00]} 42. Ra8+ {[%emt 0:00:00]} Kg7 {[%emt 0:00:01]} 43. Ke5 {[%emt 0:00:00]} Rxg5 {[%emt 0:00:01]} 44. Kf4 {[%emt 0:00:01]} Rg4+ {[%emt 0:00:00]} 45. Ke5 {[%emt 0:00:01]} Re4+ {[%emt 0:00:01]} 46. Kd5 {[%emt 0:00:00]} g5 {[%emt 0:00:01]} 47. Ra1 {[%emt 0:00:00]} g4 {[%emt 0:00:01]} 48. Rg1 {[%emt 0:00:01]} Kg6 {[%emt 0:00:00]} 49. Rh1 {[%emt 0:00:01]} Kg5 {[%emt 0:00:01]} 50. Rh8 {[%emt 0:00:01]} Re6 {[%emt 0:00:01]} 51. Rg8+ {[%emt 0:00:01]} Bg6 {[%emt 0:00:00]} 52. Rc8 {[%emt 0:00:00]} g3 {[%emt 0:00:01]} 53. Rc1 {[%emt 0:00:00]} Kg4 {[%emt 0:00:01]} 54. Rg1 {[%emt 0:00:00]} Kf3 {[%emt 0:00:01]} 55. Rc1 {[%emt 0:00:00]} g2 {[%emt 0:00:01]} 56. Rc3+ {[%emt 0:00:01]} Kf2 {[%emt 0:00:00]} 57. Rc2+ {[%emt 0:00:00]} Kg1 {[%emt 0:00:00]} 58. Rc1+ {[%emt 0:00:00]} Kh2 {[%emt 0:00:00]} 59. Rc4 {[%emt 0:00:00]} Be4+ {[%emt 0:00:01]} 60. Kc5 {[%emt 0:00:02]} g1=Q+ {[%emt 0:00:00]} 61. Kb4 {[%emt 0:00:02]} Qg2 {[%emt 0:00:00]} 62. Rc3 {[%emt 0:00:01]} Bf3 {[%emt 0:00:01]} 63. Rc8 {[%emt 0:00:00]} Rb6+ {[%emt 0:00:00]} 64. Kc5 {[%emt 0:00:01]} Qg4 {[%emt 0:00:00]} 65. Rh8+ {[%emt 0:00:01]} Kg3 {[%emt 0:00:00]} 66. Rh3+ {[%emt 0:00:01]} Qxh3 {[%emt 0:00:00] Tempo (Lag: Av=0.43s, max=0.9s)} 0-1

[Event "Stay Safe Play From Home 296"]
[Site "Emanuel Lasker Arena"]
[Date "2020.07.12"]
[Round "6"]
[White "Buzaglo"]
[Black "Mepe_Nika"]
[Result "0-1"]
[WhiteElo "1860"]
[BlackElo "2376"]
[Annotator "TA"]
[PlyCount "108"]
[EventDate "2020.07.12"]
[EventType "swiss (blitz)"]

{[%evp 9,107,0,0,0,0,-2,0,-44,-29,-33,-35,-38,-41,-39,-30,-33,-30,-68,-38,-40,-28,-118,-105,-147,-149,-212,-136,-213,-213,-191,-108,-114,-118,-109,-115,-110,-104,-117,-118,-117,-117,-123,-103,-103,-103,-110,-80,-102,-8,-60,-11,-23,-8,-29,-22,-27,-8,-8,-8,-8,-8,-160,-8,-8,0,-8,0,0,0,-159,-159,-1386,-1400,-1274,-1270,-992,-860,-29970,-29971,-29993,-29994,-29994,-29993,-29994,-29994,-29995,-29994,-29994,-29995,-29995,-29996,-29996,-29996,-29996,-29997,-29997,-29998,-29998,-29999,-29999]} 1. d4 d5 2. Nf3 Nf6 3. g3 Bf5 4. Bg2 e6 5. O-O Be7 6. Nh4 {D02: 1 d4 d5 2 Nf3 sidelines, including 2...Nf6 3 g3 and 2...Nf6 3 Bf4.} Be4 {[#]} 7. Nf3 $146 ({Predecessor:} 7. f3 Bg6 8. Nxg6 hxg6 9. Be3 Nbd7 10. Nd2 c5 11. c3 O-O 12. Bf2 cxd4 13. cxd4 Rc8 {0-1 (33) Pill,B (1985)-Kakoschke,D (1909) Pinneberg 2019}) 7... O-O 8. Ne5 {The position is equal.} Nbd7 (8... c5 {is interesting.} 9. f3 Bf5 10. g4 Bg6 11. e3 Nc6) 9. Nxd7 Qxd7 10. Bxe4 Nxe4 11. Nd2 Nxd2 12. Bxd2 c5 13. Bf4 cxd4 14. Qxd4 Bf6 15. Qb4 (15. Be5 $11 {remains equal.}) 15... a5 $17 {[%cal Ba7a5,Ba5a4][%mdl 32]} 16. Qb3 a4 $1 $36 {[%cal Ra4b3][%mdl 2048] Black is on the roll.} 17. Qb4 (17. Qa3 $17) 17... a3 18. Rab1 (18. Bc1 $17) 18... axb2 $19 19. c3 {[#]} Rxa2 (19... d4 $1 $19 {[%cal Rd4c3]} 20. Qxb2 dxc3) 20. Rxb2 $17 Rxb2 21. Qxb2 Rc8 22. Bd2 h6 23. Qb3 b5 24. Rb1 Rb8 25. Qb4 Rb7 26. Qc5 Be7 27. Qd4 f6 28. Qg4 e5 (28... f5 $17 29. Qd4 Qc7) 29. Qg6 (29. Qxd7 $11 Rxd7 30. Rxb5) 29... Bf8 (29... Bc5 {looks sharper.} 30. Bxh6 Qf7 31. Qxf7+ Kxf7 32. Bd2 d4) 30. Bxh6 $1 Qf7 31. Qxf7+ Kxf7 $11 {[%mdl 4096] Endgame KRB-KRB} 32. Be3 b4 33. cxb4 Rxb4 34. Rxb4 Bxb4 {KB-KB} 35. Kg2 $2 (35. Bc1 $11) 35... Ke6 $2 ({Black should try} 35... d4 $17 36. Bc1 e4) 36. Bc1 f5 37. Bg5 g6 38. h4 d4 39. Bc1 $2 {[#]} (39. f3 $11) 39... e4 $1 $17 40. Kh3 $2 {This costs White the game.} (40. Kf1 $17) 40... d3 $19 41. exd3 exd3 42. Kg2 Kd5 43. Be3 Ke4 {Black mates.} 44. f3+ Kxe3 45. h5 gxh5 46. g4 fxg4 47. fxg4 hxg4 48. Kg3 d2 49. Kh4 d1=Q 50. Kg5 g3 51. Kg6 g2 52. Kf6 g1=Q 53. Ke5 Qd6+ 54. Kf5 Qgg6# {Accuracy: White = 57%, Black = 67%.} 0-1

[Event "Stay Safe Play From Home 296"]
[Site "Emanuel Lasker Arena"]
[Date "2020.07.12"]
[Round "6"]
[White "Chase the sun"]
[Black "W Nelles"]
[Result "1-0"]
[WhiteElo "1855"]
[BlackElo "1094"]
[Annotator "NA"]
[PlyCount "57"]
[EventDate "2020.07.12"]
[EventType "swiss (blitz)"]

{Lerch, Martin Erik} 1. e4 {[%emt 0:00:01]} e5 {[%emt 0:00:01]} 2. Nc3 {[%emt 0:00:01]} Nf6 {[%emt 0:00:01]} 3. g3 {[%emt 0:00:01]} Bc5 {[%emt 0:00:01]} 4. Bg2 {[%emt 0:00:00]} O-O {[%emt 0:00:01]} 5. Nge2 {[%emt 0:00:00]} d6 {[%emt 0:00:01]} 6. O-O {[%emt 0:00:00]} Nc6 {[%emt 0:00:01]} 7. h3 {[%emt 0:00:01]} Be6 {[%emt 0:00:01]} 8. Kh2 {[%emt 0:00:02]} a6 {[%emt 0:00:01]} 9. d3 {[%emt 0:00:01]} b5 {[%emt 0:00:01]} 10. Bg5 {[%emt 0:00:02]} Nd4 {[%emt 0:00:02]} 11. Nd5 {[%emt 0:00:02]} Bxd5 {[%emt 0:00:02]} 12. exd5 {[%emt 0:00:02]} Nxe2 {[%emt 0:00:01]} 13. Qxe2 {[%emt 0:00:01]} h6 {[%emt 0:00:01]} 14. Be3 {[%emt 0:00:03]} Bxe3 {[%emt 0:00:02]} 15. fxe3 {[%emt 0:00:00]} Qe7 {[%emt 0:00:02]} 16. e4 {[%emt 0:00:01]} c5 {[%emt 0:00:04]} 17. c4 {[%emt 0:00:02]} b4 {[%emt 0:00:01]} 18. b3 {[%emt 0:00:01]} a5 {[%emt 0:00:01]} 19. Rf2 {[%emt 0:00:01]} Ra7 {[%emt 0:00:02]} 20. Raf1 {[%emt 0:00:00]} Kh7 {[%emt 0:00:03]} 21. g4 {[%emt 0:00:01]} Rg8 {[%emt 0:00:06]} 22. h4 {[%emt 0:00:01]} Qd8 {[%emt 0:00:05]} 23. Bh3 {[%emt 0:00:01]} Rf8 {[%emt 0:00:05]} 24. Rxf6 {[%emt 0:00:03]} gxf6 {[%emt 0:00:02]} 25. Rf5 {[%emt 0:00:02]} Rg8 {[%emt 0:00:02]} 26. Qf3 {[%emt 0:00:05]} Rg6 {[%emt 0:00:02]} 27. h5 {[%emt 0:00:01]} Rg5 {[%emt 0:00:07]} 28. Rxf6 {[%emt 0:00:02]} Qg8 {[%emt 0:00:02]} 29. Rf5 {[%emt 0:00:04] Zeit (Lag: Av=0.56s, max=0.8s)} 1-0

[Event "Stay Safe Play From Home 296"]
[Site "Emanuel Lasker Arena"]
[Date "2020.07.12"]
[Round "6"]
[White "Klausen"]
[Black "Broken sword"]
[Result "0-1"]
[WhiteElo "1784"]
[BlackElo "2459"]
[Annotator "TA"]
[PlyCount "50"]
[EventDate "2020.07.12"]
[EventType "swiss (blitz)"]

{[%evp 11,50,128,125,120,130,119,125,114,129,129,145,118,114,17,115,-12,-21,-19,-18,-7,0,-212,-53,-427,-22,-24,30,34,299,300,433,433,451,429,449,451,451,410,403,373,350]} 1. d4 c5 2. d5 e5 3. c4 d6 4. Nc3 f5 5. e4 Nf6 6. exf5 Bxf5 7. Bd3 {A44: Semi-Benoni.} e4 8. Bc2 g6 9. Nge2 {White is better.} Nbd7 10. Ng3 Qe7 {[#]} 11. Qe2 $146 ({Predecessor:} 11. O-O O-O-O 12. Bg5 h6 13. Bh4 Qh7 14. Ncxe4 Nxe4 15. Bxe4 Re8 16. f3 Bg7 17. Qc2 {1-0 (40) Goldstein,S-Klopfenstein,G Long Island 1990}) 11... Bg7 12. Ncxe4 ({White should try} 12. O-O $16) 12... Nxe4 (12... Bxe4 $11 {keeps the balance.} 13. Bxe4 O-O) 13. Nxe4 (13. Bxe4 $16 Bxe4 14. Nxe4 (14. Qxe4 Nb6 $11)) 13... O-O $11 14. O-O Rae8 {[%cal Rf5e4]} 15. f3 $1 Bxe4 16. fxe4 $2 {[#]} (16. Bxe4 $11 Nf6 17. Bg5) 16... Bd4+ $2 (16... Rxf1+ $1 $19 17. Kxf1 Bd4) 17. Kh1 $2 {[%mdl 8192]} (17. Be3 $15) 17... Ne5 $2 (17... Rxf1+ $19 18. Qxf1 Rf8) 18. Bh6 Rxf1+ (18... Rf7 $142 $1) 19. Rxf1 Bxb2 $2 {[%mdl 8192]} (19... Qh4 $14 20. Ba4 Rd8) 20. Ba4 $1 $18 {[%csl LRb2,LRe8][%mdl 64] [#] Discovered Attack} Rd8 (20... b5 $142) 21. Qxb2 a6 22. Bc2 Nxc4 23. Qf6 Qxf6 24. Rxf6 Ne5 {White should prevent ...Ng4.} 25. Bd1 b5 {[%mdl 32768] Accuracy: White = 51%, Black = 36%. . Loss on time!?} 0-1

[Event "Stay Safe Play From Home 296"]
[Site "Emanuel Lasker Arena"]
[Date "2020.07.12"]
[Round "6"]
[White "Konmos"]
[Black "Trotsky"]
[Result "1-0"]
[WhiteElo "1752"]
[BlackElo "1580"]
[Annotator "NA"]
[PlyCount "65"]
[EventDate "2020.07.12"]
[EventType "swiss (blitz)"]

1. e4 {[%emt 0:00:01]} c5 {[%emt 0:00:01]} 2. d4 {[%emt 0:00:01]} e6 {[%emt 0:00:00]} 3. d5 {[%emt 0:00:01]} exd5 {[%emt 0:00:01]} 4. exd5 {[%emt 0:00:01]} d6 {[%emt 0:00:00]} 5. c4 {[%emt 0:00:00]} Nf6 {[%emt 0:00:02]} 6. Nc3 {[%emt 0:00:00]} Be7 {[%emt 0:00:01]} 7. Bd3 {[%emt 0:00:00]} a6 {[%emt 0:00:01]} 8. Qc2 {[%emt 0:00:01]} Qc7 {[%emt 0:00:03]} 9. Bg5 {[%emt 0:00:00]} O-O {[%emt 0:00:01]} 10. Bxf6 {[%emt 0:00:00]} gxf6 {[%emt 0:00:01]} 11. Bxh7+ {[%emt 0:00:00]} Kh8 {[%emt 0:00:02]} 12. Bf5 {[%emt 0:00:01]} Bxf5 {[%emt 0:00:02]} 13. Qxf5 {[%emt 0:00:01]} Nd7 {[%emt 0:00:01]} 14. f4 {[%emt 0:00:03]} Kg7 {[%emt 0:00:08]} 15. Qg4+ {[%emt 0:00:03]} Kh7 {[%emt 0:00:03]} 16. Qh5+ {[%emt 0:00:04]} Kg7 {[%emt 0:00:02]} 17. Qg4+ {[%emt 0:00:05]} Kh7 {[%emt 0:00:01]} 18. Qh3+ {[%emt 0:00:01]} Kg7 {[%emt 0:00:02]} 19. Qg3+ {[%emt 0:00:03]} Kh7 {[%emt 0:00:01]} 20. Qh4+ {[%emt 0:00:02]} Kg7 {[%emt 0:00:01]} 21. Qg3+ {[%emt 0:00:05]} Kh7 {[%emt 0:00:01]} 22. f5 {[%emt 0:00:03]} Ne5 {[%emt 0:00:03]} 23. Nf3 {[%emt 0:00:02]} Rg8 {[%emt 0:00:03]} 24. Qh4+ {[%emt 0:00:02]} Kg7 {[%emt 0:00:01]} 25. O-O {[%emt 0:00:00]} Kf8 {[%emt 0:00:01]} 26. Ne4 {[%emt 0:00:03]} Rh8 {[%emt 0:00:01]} 27. Qf4 {[%emt 0:00:03]} Rg8 {[%emt 0:00:08]} 28. Nxe5 {[%emt 0:00:01]} dxe5 {[%emt 0:00:01]} 29. Qh6+ {[%emt 0:00:00]} Ke8 {[%emt 0:00:01]} 30. Nxf6+ {[%emt 0:00:01]} Kd8 {[%emt 0:00:02]} 31. Nxg8 {[%emt 0:00:01]} Bd6 {[%emt 0:00:02]} 32. Qf6+ {[%emt 0:00:05] .} Kc8 {[%emt 0:00:01]} 33. Nh6 {[%emt 0:00:01] Âðåìÿ (Lag: Av=0.30s, max=0.5s)} 1-0

[Event "Stay Safe Play From Home 296"]
[Site "Emanuel Lasker Arena"]
[Date "2020.07.12"]
[Round "6"]
[White "sadbat1122"]
[Black "Psj008"]
[Result "0-1"]
[WhiteElo "1309"]
[BlackElo "1680"]
[Annotator "NA"]
[PlyCount "44"]
[EventDate "2020.07.12"]
[EventType "swiss (blitz)"]

1. e4 {[%emt 0:00:02]} c5 {[%emt 0:00:01]} 2. Nf3 {[%emt 0:00:01]} Nc6 {[%emt 0:00:00]} 3. c3 {[%emt 0:00:01]} Nf6 {[%emt 0:00:03]} 4. d3 {[%emt 0:00:01]} Qc7 {[%emt 0:00:03]} 5. Be2 {[%emt 0:00:02]} h5 {[%emt 0:00:02]} 6. Bg5 {[%emt 0:00:02]} e6 {[%emt 0:00:03]} 7. h3 {[%emt 0:00:04]} Be7 {[%emt 0:00:02]} 8. Nbd2 {[%emt 0:00:02]} b6 {[%emt 0:00:02]} 9. Qc2 {[%emt 0:00:02]} Bb7 {[%emt 0:00:01]} 10. O-O-O {[%emt 0:00:02]} O-O-O {[%emt 0:00:01]} 11. Kb1 {[%emt 0:00:04]} d5 {[%emt 0:00:01]} 12. exd5 {[%emt 0:00:03]} exd5 {[%emt 0:00:00]} 13. d4 {[%emt 0:00:07]} Rhe8 {[%emt 0:00:02]} 14. Qf5+ {[%emt 0:00:03]} Kb8 {[%emt 0:00:02]} 15. Bb5 {[%emt 0:00:06]} a6 {[%emt 0:00:03]} 16. Bxc6 {[%emt 0:00:02]} Bxc6 {[%emt 0:00:00]} 17. Ne5 {[%emt 0:00:03]} Nd7 {[%emt 0:00:05]} 18. Bxe7 {[%emt 0:00:05]} Rxe7 {[%emt 0:00:00]} 19. Nxd7+ {[%emt 0:00:02]} Bxd7 {[%emt 0:00:02]} 20. Qxh5 {[%emt 0:00:01]} g6 {[%emt 0:00:02]} 21. Qf3 {[%emt 0:00:02]} Bf5+ {[%emt 0:00:01]} 22. Ka1 {[%emt 0:00:03]} cxd4 {[%emt 0:00:01] Time (Lag: Av=0.92s, max=1.9s)} 0-1